Modeling of creep for structural analysis; Foundations of Engineering Mechanics (Record no. 326090)
[ view plain ]
| 000 -LEADER | |
|---|---|
| fixed length control field | 00405 a2200121 4500 |
| 001 - CONTROL NUMBER | |
| control field | 91017 |
| 082 ## - DEWEY DECIMAL CLASSIFICATION NUMBER | |
| Classification number | 620.11233 NAU |
| 090 ## - LOCALLY ASSIGNED LC-TYPE CALL NUMBER (OCLC); LOCAL CALL NUMBER (RLIN) | |
| -- | 43166 |
| -- | 43166 |
| 100 ## - MAIN ENTRY--PERSONAL NAME | |
| Personal name | Konstantin Naumenko ; Holm Altenbach |
| 245 ## - TITLE STATEMENT | |
| Title | Modeling of creep for structural analysis; Foundations of Engineering Mechanics |
| Statement of responsibility, etc. | Konstantin Naumenko ; Holm Altenbach |
| Medium | English |
| 260 ## - PUBLICATION, DISTRIBUTION, ETC. | |
| Place of publication, distribution, etc. | Berlin |
| Name of publisher, distributor, etc. | Springer |
| Date of publication, distribution, etc. | 2007 |
| 300 ## - PHYSICAL DESCRIPTION | |
| Extent | xii, 220 p |
| 942 ## - ADDED ENTRY ELEMENTS (KOHA) | |
| Institution code [OBSOLETE] | CAE NUST |
| Call number prefix | 620.11233 NAU |
| Withdrawn status | Lost status | Damaged status | Not for loan | Collection code | Permanent Location | Current Location | Date acquired | Total Checkouts | Full call number | Barcode | Date last seen | Price effective from | Koha item type |
|---|---|---|---|---|---|---|---|---|---|---|---|---|---|
| College of Aeronautical Engineering (CAE) | College of Aeronautical Engineering (CAE) | 04/03/2017 | 620.11233 NAU | CAE88040 | 04/05/2017 | 04/05/2017 | Book |
